000 00619nam a2200241Ia 4500
003 OSt
005 20221005131327.0
006 a|||||r|||| 00| 0
007 ta
008 221004b |||||||| |||| 00| 0 urd d
024 _a30001
037 _cTextual
040 _aCRL
_cCRL
_burd
041 _2urd
_aurd
082 _aO168,3MMAL,1, G4
100 _aMazharuddin Mohammad
_9639426
245 0 _aSindh ki rajkumari
260 _c1934
300 _a182p.
_ccm.
650 _aURDU FICTION
_93298
942 _hO168,3MMAL,1, G4
_cTEXL
_2cc
999 _c1059966
_d1059966